| 000 | 00903nam a22002897a 4500 | ||
|---|---|---|---|
| 001 | BR9704793 | ||
| 003 | BR-BrBNA | ||
| 005 | 20230928095741.0 | ||
| 007 | ta | ||
| 008 | 230509b bl.||||| |||| 00| 0 por d | ||
| 040 |
_aBR-BrBNA _bpor _cBiblioteca Nacional de Agricultura |
||
| 041 | _a(Por) | ||
| 072 |
_aE16; E10 _b0180 |
||
| 090 | _ 0180 BR9704793 | ||
| 100 | 1 | _aDuarte, A.R. | |
| 110 | 1 |
_aUniversidade de Sao Paulo, Sao Paulo (Brasil). Faculdade de Economia e Administracao _0Tase (Mestrado) |
|
| 245 | 1 | _aTecnologia na agricultura: consideracoes sobre a produtividade do trigo brasileiro | |
| 260 | 3 |
_aSao Paulo, SP (Brasil): _c1974. |
|
| 300 | _a144 p. | ||
| 500 | _aSummary (Eng); Bibliography p. 137-144 | ||
| 650 | _aTrigo | ||
| 650 | _aProdutividade | ||
| 650 | _aTecnologia Agricola | ||
| 650 | _aEconomia da Producao | ||
| 909 |
_a202309 _bLucia _c55 _dLucia Elande |
||
| 942 | _cBK | ||
| 999 |
_c58445 _d58445 |
||